[Event "SVK-chT2A 2324"]
[Site "Slovakia"]
[Date "2023.11.11"]
[Round "3.8"]
[White "Mikulasek, Viktor"]
[Black "Bucor, Mark"]
[Result "0-1"]
[WhiteElo "1741"]
[BlackElo "1725"]
[PlyCount "92"]
[EventDate "2023.10.07"]
[EventType "team-tourn"]
[EventRounds "11"]
[EventCountry "SVK"]
[SourceTitle "EXT 2025"]
[Source "ChessBase"]
[SourceDate "2024.10.14"]
[SourceVersion "1"]
[SourceVersionDate "2024.10.14"]
[SourceQuality "1"]
[WhiteTeam "Krasnany"]
[BlackTeam "Trnava Lokomotiva"]
[WhiteTeamCountry "SVK"]
[BlackTeamCountry "SVK"]

1. e4 e5 2. Nf3 Nc6 3. Bc4 Nf6 4. Nc3 Be7 5. d4 exd4 6. Nxd4 0-0 7. f3 Ne5 8. Bb3 d6 9. Nde2 c6 10. Be3 b5 11. a3 Be6 12. Bxe6 fxe6 13. b3 a6 14. Qd2 c5 15. Rd1 Qd7 16. h3 Rad8 17. 0-0 d5 18. Bf4 Ng6 19. Bh2 d4 20. e5 dxc3 21. Qxc3 Nd5 22. Qb2 Qc7 23. Qc1 c4 24. b4 Qb6+ 25. Kh1 a5 26. c3 axb4 27. axb4 Ra8 28. Bg1 Qa6 29. f4 Rad8 30. Rd4 Rd7 31. Rfd1 Nh4 32. Re4 Qa8 33. Bf2 Nf5 34. Kh2 Rdd8 35. g4 Nh6 36. Nd4 Nxc3 37. Ree1 Nxd1 38. Rxd1 Bxb4 39. Rf1 Qa2 40. Nxe6 Rd2 41. Kg1 Nf7 42. Nxf8 Bc5 43. Qe1 Bxf2+ 44. Rxf2 Rxf2 45. Ne6 Rg2+ 46. Kf1 Rh2 0-1

[Event "SVK-chT2A 2122"]
[Site "Slovakia"]
[Date "2022.05.01"]
[Round "11.7"]
[White "Mikulasek, Viktor"]
[Black "Bukovsky, Milan"]
[Result "1/2-1/2"]
[WhiteElo "1775"]
[BlackElo "1860"]
[PlyCount "21"]
[EventDate "2021.10.16"]
[EventType "team-tourn"]
[EventRounds "11"]
[EventCountry "SVK"]
[SourceTitle "EXT 2023"]
[Source "ChessBase"]
[SourceDate "2022.10.05"]
[SourceVersion "1"]
[SourceVersionDate "2022.10.05"]
[SourceQuality "1"]
[WhiteTeam "Krasnany"]
[BlackTeam "Trnava Sered"]
[WhiteTeamCountry "SVK"]
[BlackTeamCountry "SVK"]

1. e4 e5 2. Nf3 Nc6 3. Bb5 a6 4. Ba4 Nf6 5. 0-0 Be7 6. Re1 b5 7. Bb3 d6 8. h3 0-0 9. c3 Na5 10. Bc2 c5 11. d4 1/2-1/2

[Event "SVK-chT2A 2122"]
[Site "Slovakia"]
[Date "2022.03.26"]
[Round "8.7"]
[White "Mikulasek, Viktor"]
[Black "Mezes, Kristof"]
[Result "1-0"]
[WhiteElo "1795"]
[BlackElo "1743"]
[PlyCount "49"]
[EventDate "2021.10.16"]
[EventType "team-tourn"]
[EventRounds "11"]
[EventCountry "SVK"]
[SourceTitle "EXT 2023"]
[Source "ChessBase"]
[SourceDate "2022.10.05"]
[SourceVersion "1"]
[SourceVersionDate "2022.10.05"]
[SourceQuality "1"]
[WhiteTeam "Krasnany"]
[BlackTeam "Dunajska Streda II"]
[WhiteTeamCountry "SVK"]
[BlackTeamCountry "SVK"]

1. e4 e6 2. d4 d5 3. exd5 exd5 4. Bd3 Bd6 5. Nc3 Nf6 6. Nf3 0-0 7. 0-0 Bg4 8. h3 Be6 9. Bg5 c6 10. Re1 h6 11. Bh4 Nbd7 12. Ne5 Qc7 13. f4 c5 14. Nb5 Qb6 15. Nxd6 Qxd6 16. f5 cxd4 17. Nf3 Rfe8 18. fxe6 fxe6 19. Bb5 e5 20. Bxf6 gxf6 21. Nh4 Kh7 22. Qg4 Red8 23. Qg6+ Kh8 24. Nf5 Qe6 25. Qg7# 1-0

[Event "SVK-chT2A 2122"]
[Site "Slovakia"]
[Date "2021.10.17"]
[Round "2.7"]
[White "Mikulasek, Viktor"]
[Black "Musaev, Matej Elbek"]
[Result "0-1"]
[WhiteElo "1768"]
[BlackElo "1859"]
[PlyCount "82"]
[EventDate "2021.10.16"]
[EventType "team-tourn"]
[EventRounds "11"]
[EventCountry "SVK"]
[SourceTitle "EXT 2023"]
[Source "ChessBase"]
[SourceDate "2022.10.05"]
[SourceVersion "1"]
[SourceVersionDate "2022.10.05"]
[SourceQuality "1"]
[WhiteTeam "Krasnany"]
[BlackTeam "Piestany Kupele"]
[WhiteTeamCountry "SVK"]
[BlackTeamCountry "SVK"]

1. e4 c5 2. Nf3 d6 3. d4 cxd4 4. Nxd4 Nf6 5. Nc3 a6 6. Be2 e6 7. Be3 Nbd7 8. 0-0 b5 9. a3 Bb7 10. Bd3 Nc5 11. f3 Be7 12. Be2 0-0 13. Qe1 Qb6 14. b4 Ncd7 15. Nf5 Qd8 16. Nxe7+ Qxe7 17. Rd1 Rac8 18. Bd3 Rfd8 19. Bg5 h6 20. Bh4 Ne5 21. f4 Ng6 22. Bxf6 Qxf6 23. Ne2 Rd7 24. Qg3 Rdc7 25. f5 exf5 26. Rxf5 Qb2 27. Qxd6 Qxa3 28. Rdf1 Bxe4 29. R5f2 Bxd3 30. cxd3 a5 31. Qd5 Qxb4 32. Rxf7 Kh7 33. Rxc7 Rxc7 34. Qf5 a4 35. h3 Rc2 36. Ng3 Qc5+ 37. Qxc5 Rxc5 38. Rf7 Ne5 39. Rb7 Nxd3 40. Ne4 Rc1+ 41. Kh2 a3 0-1

[Event "SVK-ch Seniors 65"]
[Site "Tatranske Matliare"]
[Date "2021.06.20"]
[Round "1"]
[White "Lanc, Alois"]
[Black "Mikulasek, Viktor"]
[Result "1-0"]
[WhiteElo "2311"]
[BlackElo "1767"]
[PlyCount "65"]
[EventDate "2021.06.20"]
[EventType "swiss"]
[EventRounds "9"]
[EventCountry "SVK"]
[SourceTitle "EXT 2022"]
[Source "ChessBase"]
[SourceDate "2021.10.06"]
[SourceVersion "1"]
[SourceVersionDate "2021.10.06"]
[SourceQuality "1"]

1. e4 d6 2. d4 Nf6 3. Nc3 g6 4. f4 Bg7 5. Nf3 c5 6. dxc5 Qa5 7. Bd3 Qxc5 8. Qe2 Nc6 9. a3 e5 10. Nb5 Nd4 11. Nfxd4 exd4 12. e5 dxe5 13. Qxe5+ Qxe5+ 14. fxe5 Nd5 15. Be4 Bxe5 16. Bxd5 a6 17. 0-0 f6 18. Bh6 Ke7 19. Rae1 axb5 20. Bg7 Bf5 21. Bxb7 Rab8 22. Bxh8 Rxh8 23. Be4 Be6 24. b3 Rc8 25. Bd3 Rc3 26. Rb1 Bd7 27. Ra1 Rc8 28. a4 bxa4 29. bxa4 g5 30. a5 Bc6 31. Rfb1 h5 32. Rb6 Kd7 33. Bf5+ 1-0

[Event "SVK-chT2A 1920"]
[Site "Slovakia"]
[Date "2019.11.16"]
[Round "3.8"]
[White "Mikulasek, Viktor"]
[Black "Simon, Szilard"]
[Result "1/2-1/2"]
[WhiteElo "1803"]
[BlackElo "1733"]
[PlyCount "106"]
[EventDate "2019.10.26"]
[EventType "team-tourn"]
[EventRounds "11"]
[EventCountry "SVK"]
[SourceTitle "CBM 193 Extra"]
[Source "ChessBase"]
[SourceDate "2020.01.31"]
[SourceVersion "1"]
[SourceVersionDate "2020.01.31"]
[SourceQuality "1"]
[WhiteTeam "Krasnany"]
[BlackTeam "Senec"]
[WhiteTeamCountry "SVK"]
[BlackTeamCountry "SVK"]

1. e4 e5 2. Nf3 d6 3. d4 exd4 4. Nxd4 Be7 5. Bc4 Nf6 6. h3 Nxe4 7. Qe2 Nf6 8. Nc3 0-0 9. Be3 d5 10. 0-0-0 c6 11. Nb3 Qc7 12. Bd3 Bb4 13. a3 Bxc3 14. bxc3 Nbd7 15. g4 Re8 16. g5 Ne4 17. Kb2 Nb6 18. Bxb6 axb6 19. Rhe1 Bd7 20. Qh5 Bf5 21. Qf3 Qe5 22. Bxe4 Bxe4 23. Qe3 Qf5 24. Nd4 Qc8 25. h4 Bg6 26. Qg3 c5 27. Nb3 Qf5 28. Rxe8+ Rxe8 29. Rd2 Qe5 30. Qg2 Rd8 31. f4 Qe4 32. Qf2 Bf5 33. Re2 Qa4 34. Re1 Ra8 35. Ra1 Re8 36. h5 Qe4 37. a4 Qe2 38. Qxe2 Rxe2 39. Rc1 Rf2 40. a5 bxa5 41. Nxa5 b6 42. Nc6 Kf8 43. Ne5 Rxf4 44. Ra1 f6 45. Ra8+ Ke7 46. Ra7+ Ke6 47. Nf7 d4 48. Nd8+ Kd5 49. Rxg7 fxg5 50. Rxg5 dxc3+ 51. Kxc3 Rf3+ 52. Kb2 Kc4 53. Nb7 Be6 1/2-1/2

[Event "SVK-ch Seniors 65"]
[Site "Tatranske Matliare"]
[Date "2017.06.01"]
[Round "7"]
[White "Mikulasek, Viktor"]
[Black "Durovka, Stefan"]
[Result "1-0"]
[WhiteElo "1814"]
[BlackElo "1733"]
[PlyCount "85"]
[EventDate "2017.05.27"]
[EventType "swiss"]
[EventRounds "9"]
[EventCountry "SVK"]
[SourceTitle "EXT 2023"]
[Source "ChessBase"]
[SourceDate "2022.10.05"]
[SourceVersion "1"]
[SourceVersionDate "2022.10.05"]
[SourceQuality "1"]

1. e4 g6 2. d4 d6 3. Nc3 Nf6 4. Bc4 Bg7 5. Bg5 Nbd7 6. Qd2 c6 7. f3 h6 8. Be3 b5 9. Bb3 a5 10. a3 Bb7 11. Nge2 Qc7 12. d5 Ne5 13. dxc6 Bxc6 14. Nd4 Nc4 15. Ncxb5 Bxb5 16. Nxb5 Nxd2 17. Nxc7+ Kd7 18. Nxa8 Nxb3 19. Nb6+ Ke6 20. cxb3 g5 21. Nc4 d5 22. exd5+ Nxd5 23. Bc1 Nf4 24. Bxf4 gxf4 25. g3 Rb8 26. gxf4 Rxb3 27. Kf2 f5 28. Rab1 a4 29. Ne5 Bf6 30. h4 Rb8 31. Kg3 Rg8+ 32. Kh3 Rb8 33. Rhd1 Rb3 34. Kg3 Rb8 35. Rd2 Rg8+ 36. Kh3 Rf8 37. Rc1 Bxe5 38. fxe5 Kxe5 39. Re2+ Kf4 40. Kg2 e5 41. Rc4+ e4 42. fxe4 h5 43. e5# 1-0

[Event "SVK-ch Seniors 65"]
[Site "Tatranske Matliare"]
[Date "2017.05.30"]
[Round "5"]
[White "Mikulasek, Viktor"]
[Black "Curidlo, Jan1"]
[Result "0-1"]
[WhiteElo "1814"]
[BlackElo "1894"]
[PlyCount "120"]
[EventDate "2017.05.27"]
[EventType "swiss"]
[EventRounds "9"]
[EventCountry "SVK"]
[SourceTitle "EXT 2023"]
[Source "ChessBase"]
[SourceDate "2022.10.05"]
[SourceVersion "1"]
[SourceVersionDate "2022.10.05"]
[SourceQuality "1"]

1. e4 c5 2. Nf3 d6 3. d4 cxd4 4. Nxd4 a6 5. Bc4 e6 6. Nc3 Nf6 7. Bg5 Be7 8. Bb3 Qa5 9. Qd2 Bd7 10. Nde2 Qc5 11. 0-0-0 Bc6 12. Be3 Qa5 13. h3 Nbd7 14. Kb1 Nc5 15. f3 Nxb3 16. cxb3 b5 17. Nd4 Bd7 18. Nc2 Qc7 19. Rc1 Qb7 20. Rhd1 0-0 21. Bg5 a5 22. e5 Nd5 23. Bxe7 Nxe7 24. exd6 Nc6 25. Ne4 Qa7 26. Qg5 f5 27. Ng3 a4 28. b4 Ne5 29. Na3 Rac8 30. Nh5 Ng6 31. Qd2 Qb6 32. Rc7 Rfd8 33. Qc3 e5 34. Ng3 Be6 35. Rc5 Bd7 36. Qd3 Rxc5 37. bxc5 Qxc5 38. Rc1 Qd4 39. Qxd4 exd4 40. Rd1 Nf4 41. Rxd4 Nxg2 42. Rd5 Ne3 43. Re5 f4 44. Ne4 b4 45. Nc2 Nxc2 46. Kxc2 Bxh3 47. Rb5 b3+ 48. axb3 axb3+ 49. Rxb3 Bf5 50. Rd3 g5 51. Rd4 Kf7 52. Kd2 Bxe4 53. fxe4 Ke6 54. b4 g4 55. Ke2 h5 56. Rd5 h4 57. Rh5 h3 58. e5 Rd7 59. Rg5 Rh7 60. Rxg4 h2 0-1

[Event "SVK-ch Seniors 65"]
[Site "Tatranske Matliare"]
[Date "2017.05.28"]
[Round "3"]
[White "Mikulasek, Viktor"]
[Black "Marsina, Stefan"]
[Result "0-1"]
[WhiteElo "1814"]
[BlackElo "1975"]
[PlyCount "56"]
[EventDate "2017.05.27"]
[EventType "swiss"]
[EventRounds "9"]
[EventCountry "SVK"]
[SourceTitle "EXT 2023"]
[Source "ChessBase"]
[SourceDate "2022.10.05"]
[SourceVersion "1"]
[SourceVersionDate "2022.10.05"]
[SourceQuality "1"]

1. e4 e6 2. d4 d5 3. Nd2 Nf6 4. exd5 exd5 5. Bd3 Bd6 6. Ngf3 0-0 7. 0-0 Bg4 8. c4 c6 9. c5 Bc7 10. Qc2 Re8 11. h3 Bh5 12. b4 Nbd7 13. Nh4 Ne4 14. Nf5 Ndf6 15. Nxe4 dxe4 16. Be2 Bg6 17. Nh4 e3 18. Qc4 exf2+ 19. Rxf2 Bg3 20. Nxg6 Bxf2+ 21. Kxf2 Ne4+ 22. Kg1 hxg6 23. Bf3 Qh4 24. Bxe4 Rxe4 25. Bb2 Rae8 26. Rf1 Rf4 27. Rxf4 Qxf4 28. Qc3 Re2 0-1

[Event "SVK-chT2A 1617"]
[Site "Slovakia"]
[Date "2016.10.09"]
[Round "2.8"]
[White "Mikulasek, Viktor"]
[Black "Ujhelyi, Matus"]
[Result "1/2-1/2"]
[WhiteElo "1830"]
[BlackElo "1913"]
[PlyCount "29"]
[EventDate "2016.10.08"]
[EventType "team-tourn"]
[EventRounds "11"]
[EventCountry "SVK"]
[SourceTitle "CBM 175 Extra"]
[Source "ChessBase"]
[SourceDate "2016.12.12"]
[SourceVersion "1"]
[SourceVersionDate "2016.12.12"]
[SourceQuality "1"]
[WhiteTeam "Krasnany"]
[BlackTeam "Senec"]
[WhiteTeamCountry "SVK"]
[BlackTeamCountry "SVK"]

1. e4 e6 2. d4 d5 3. exd5 exd5 4. Bd3 Nf6 5. h3 Bd6 6. Nf3 0-0 7. 0-0 h6 8. Nc3 c6 9. a3 Nbd7 10. Re1 Re8 11. Rxe8+ Qxe8 12. Nh4 Nf8 13. Bd2 Ne6 14. Nf5 Bf4 15. Bxf4 1/2-1/2

[Event "Oravska Priehrada op"]
[Site "Oravska Priehrada"]
[Date "2015.08.21"]
[Round "1"]
[White "Mikulasek, Viktor"]
[Black "Polacik, Igor"]
[Result "1/2-1/2"]
[WhiteElo "1873"]
[BlackElo "2120"]
[PlyCount "63"]
[EventDate "2015.08.21"]
[EventType "swiss"]
[EventRounds "7"]
[EventCountry "SVK"]
[SourceTitle "EXT 2016"]
[Source "ChessBase"]
[SourceDate "2015.10.08"]
[SourceVersion "1"]
[SourceVersionDate "2015.10.08"]
[SourceQuality "1"]

1. e4 c5 2. Nf3 Nc6 3. d4 cxd4 4. Nxd4 g6 5. Bc4 Bg7 6. Ne2 Nf6 7. Nbc3 0-0 8. Ng3 d6 9. a3 Bd7 10. Be3 Ng4 11. Bd2 Bd4 12. 0-0 Qb6 13. Nh1 Bg7 14. h3 Nf6 15. Bd3 Rfc8 16. Rb1 Ne5 17. Be3 Qa5 18. Ng3 Nc4 19. Bxc4 Rxc4 20. Bd2 Rac8 21. Nd5 Qd8 22. Nxf6+ Bxf6 23. c3 Be6 24. Be3 Qa5 25. Kh2 a6 26. Qd2 Rd8 27. f4 Bd7 28. Qf2 Rf8 29. f5 Bg7 30. Kh1 Bc6 31. Qe2 b5 32. fxg6 1/2-1/2

[Event "SVK-chT2A 1415"]
[Site "Slovakia"]
[Date "2015.03.08"]
[Round "11.7"]
[White "Mikulasek, Viktor"]
[Black "Danada, Ondrej"]
[Result "1/2-1/2"]
[WhiteElo "1889"]
[BlackElo "1870"]
[PlyCount "43"]
[EventDate "2014.10.11"]
[EventType "team-tourn"]
[EventRounds "11"]
[EventCountry "SVK"]
[SourceTitle "EXT 2016"]
[Source "ChessBase"]
[SourceDate "2015.10.08"]
[SourceVersion "1"]
[SourceVersionDate "2015.10.08"]
[SourceQuality "1"]
[WhiteTeam "Bratislava Krasnany"]
[BlackTeam "Osuske II"]
[WhiteTeamCountry "SVK"]
[BlackTeamCountry "SVK"]

1. e4 c6 2. d4 d5 3. Nd2 dxe4 4. Nxe4 Bf5 5. Ng3 Bg6 6. Nf3 Nd7 7. Nh4 e6 8. Nxg6 hxg6 9. Bd3 Qc7 10. Qf3 Bd6 11. Ne4 Ngf6 12. Nxd6+ Qxd6 13. Qf4 Qxf4 14. Bxf4 Nd5 15. Bd2 Rh4 16. c3 Nf4 17. Bf1 Nd5 18. 0-0-0 b5 19. g3 Rh8 20. Bg2 Rc8 21. h4 N7b6 22. Kb1 1/2-1/2

[Event "SVK-chT2A 1314"]
[Site "Slovakia"]
[Date "2014.02.23"]
[Round "9.7"]
[White "Mikulasek, Viktor"]
[Black "Hlubovic, Michal"]
[Result "1-0"]
[WhiteElo "1873"]
[BlackElo "1782"]
[PlyCount "91"]
[EventDate "2013.10.19"]
[EventType "team-tourn"]
[EventRounds "11"]
[EventCountry "SVK"]
[SourceTitle "EXT 2015"]
[Source "ChessBase"]
[SourceDate "2014.11.20"]
[SourceVersion "1"]
[SourceVersionDate "2014.11.20"]
[SourceQuality "1"]
[WhiteTeam "Krasnany"]
[BlackTeam "Modra II"]
[WhiteTeamCountry "SVK"]
[BlackTeamCountry "SVK"]

1. e4 d6 2. d4 Nf6 3. Nc3 e5 4. dxe5 dxe5 5. Qxd8+ Kxd8 6. Bg5 c6 7. Nf3 Bd6 8. 0-0-0 Kc7 9. h3 Be6 10. a3 Nbd7 11. Bh4 h6 12. g4 g5 13. Bg3 Ng8 14. Nd2 b5 15. Be2 Ne7 16. Nf1 Bc5 17. Ne3 Bxe3+ 18. fxe3 Rad8 19. Rd2 Nc8 20. Rhd1 Ncb6 21. b3 a5 22. Kb2 f6 23. Rf1 Rhf8 24. Rdd1 Rb8 25. Rf2 Nc5 26. Rxf6 Nbd7 27. Rxh6 b4 28. axb4 axb4 29. Na4 Nxa4+ 30. bxa4 Rfe8 31. Rh7 Kd8 32. a5 Ra8 33. a6 Kc8 34. Rd6 Kc7 35. Bxe5 Kd8 36. Bg3 c5 37. Bb5 Ra7 38. Rh6 Bg8 39. e5 c4 40. e6 Rf8 41. Bxc4 Rc7 42. Bb3 Rf3 43. Rxd7+ Rxd7 44. exd7 Bxb3 45. Kxb3 Rxe3+ 46. Kxb4 1-0

[Event "SVK-chT2A 1314"]
[Site "Slovakia"]
[Date "2014.02.22"]
[Round "8.8"]
[White "Mikulasek, Viktor"]
[Black "Zacik, Anton"]
[Result "1/2-1/2"]
[WhiteElo "1873"]
[BlackElo "1959"]
[PlyCount "22"]
[EventDate "2013.10.19"]
[EventType "team-tourn"]
[EventRounds "11"]
[EventCountry "SVK"]
[SourceTitle "EXT 2015"]
[Source "ChessBase"]
[SourceDate "2014.11.20"]
[SourceVersion "1"]
[SourceVersionDate "2014.11.20"]
[SourceQuality "1"]
[WhiteTeam "Krasnany"]
[BlackTeam "Pezinok"]
[WhiteTeamCountry "SVK"]
[BlackTeamCountry "SVK"]

1. e4 c5 2. Nf3 e6 3. d4 cxd4 4. Nxd4 Nf6 5. Nc3 Bb4 6. Bd3 e5 7. Nde2 d5 8. exd5 Qxd5 9. 0-0 Qd8 10. a3 Be7 11. Ng3 Nc6 1/2-1/2

[Event "SVK-ch Seniors"]
[Site "Tatranske Matliare"]
[Date "2013.06.07"]
[Round "7"]
[White "Mikulasek, Viktor"]
[Black "Kebis, Milos"]
[Result "0-1"]
[WhiteElo "1853"]
[BlackElo "1988"]
[PlyCount "98"]
[EventDate "2013.06.02"]
[EventType "swiss"]
[EventRounds "9"]
[EventCountry "SVK"]
[SourceTitle "EXT 2023"]
[Source "ChessBase"]
[SourceDate "2022.10.05"]
[SourceVersion "1"]
[SourceVersionDate "2022.10.05"]
[SourceQuality "1"]

1. e4 e5 2. Nf3 Nc6 3. Bb5 a6 4. Ba4 b5 5. Bb3 Nf6 6. 0-0 Be7 7. c3 0-0 8. d4 exd4 9. e5 Ne4 10. cxd4 d5 11. Nc3 Be6 12. Bc2 Bf5 13. Qe1 Ng3 14. Bxf5 Nxf5 15. Qd1 Re8 16. Ne2 a5 17. Qd3 Qd7 18. Qxb5 Reb8 19. Qd3 Nb4 20. Qd1 Rb6 21. a3 Nc6 22. h3 a4 23. Re1 Na5 24. Nc3 Nc4 25. Re2 Rb3 26. Ra2 Rab8 27. Qc2 g6 28. g4 Ng7 29. Nd2 Ne6 30. Qd1 Nxd4 31. Nxb3 Nxe2+ 32. Qxe2 Rxb3 33. Kg2 Nb6 34. Nd1 d4 35. Qe4 h5 36. f3 hxg4 37. hxg4 Rb5 38. Nf2 Qe6 39. Ra1 Qxe5 40. Qb7 Bd6 41. Qb8+ Kg7 42. Bh6+ Kxh6 43. Rh1+ Kg5 44. f4+ Kxf4 45. Nd3+ Kg5 46. Nxe5 Rxb2+ 47. Kf3 Rb3+ 48. Ke4 Bxe5 49. Qd8+ Bf6 0-1

[Event "SVK-ch Seniors"]
[Site "Tatranske Matliare"]
[Date "2013.06.06"]
[Round "6"]
[White "Machycek, Lubomir"]
[Black "Mikulasek, Viktor"]
[Result "1/2-1/2"]
[WhiteElo "2238"]
[BlackElo "1853"]
[PlyCount "32"]
[EventDate "2013.06.02"]
[EventType "swiss"]
[EventRounds "9"]
[EventCountry "SVK"]
[SourceTitle "EXT 2023"]
[Source "ChessBase"]
[SourceDate "2022.10.05"]
[SourceVersion "1"]
[SourceVersionDate "2022.10.05"]
[SourceQuality "1"]

1. c4 Nf6 2. Nc3 g6 3. g3 Bg7 4. Bg2 0-0 5. Nf3 d5 6. cxd5 Nxd5 7. 0-0 c6 8. d4 Qa5 9. Bd2 Nxc3 10. Bxc3 Qh5 11. Qb3 Nd7 12. h3 Nb6 13. g4 Qd5 14. Qc2 f5 15. Ne5 Qd6 16. gxf5 Bxf5 1/2-1/2

[Event "Bratislava Slovan op"]
[Site "Bratislava"]
[Date "2013.05.01"]
[Round "6"]
[White "Macko, Miroslav"]
[Black "Mikulasek, Viktor"]
[Result "1-0"]
[WhiteElo "1454"]
[BlackElo "1854"]
[PlyCount "57"]
[EventDate "2013.04.27"]
[EventType "swiss"]
[EventRounds "9"]
[EventCountry "SVK"]
[SourceTitle "EXT 2023"]
[Source "ChessBase"]
[SourceDate "2022.10.05"]
[SourceVersion "1"]
[SourceVersionDate "2022.10.05"]
[SourceQuality "1"]

1. e4 d6 2. d4 Nf6 3. Nc3 g6 4. Be2 Bg7 5. g4 c5 6. g5 Nfd7 7. Be3 h5 8. gxh6 Bxh6 9. Bxh6 Rxh6 10. Bc4 Nc6 11. Qd2 Rh7 12. dxc5 Nxc5 13. Nf3 f6 14. Rg1 g5 15. 0-0-0 Bd7 16. Qd5 Be6 17. Qxc5 Qc7 18. Nd5 Qc8 19. Qe3 g4 20. Nd4 Bf7 21. Nf5 Kf8 22. Bb3 Ne5 23. Rh1 Qd8 24. Nc3 Be8 25. h3 Bf7 26. hxg4 Bxb3 27. Rxh7 Bg8 28. Qh6+ Ke8 29. Rxe7+ 1-0

[Event "Bratislava Slovan op"]
[Site "Bratislava"]
[Date "2013.04.30"]
[Round "5"]
[White "Mikulasek, Viktor"]
[Black "Machalec, Vladimir"]
[Result "0-1"]
[WhiteElo "1854"]
[BlackElo "1943"]
[PlyCount "108"]
[EventDate "2013.04.27"]
[EventType "swiss"]
[EventRounds "9"]
[EventCountry "SVK"]
[SourceTitle "EXT 2023"]
[Source "ChessBase"]
[SourceDate "2022.10.05"]
[SourceVersion "1"]
[SourceVersionDate "2022.10.05"]
[SourceQuality "1"]

1. e4 c5 2. Nf3 Nc6 3. d4 cxd4 4. Nxd4 g6 5. Bc4 Bg7 6. Ne2 Nf6 7. Nbc3 0-0 8. Be3 Ng4 9. Bd2 Nce5 10. Bb3 e6 11. Ng3 a6 12. Qe2 Nf6 13. f4 Nc6 14. 0-0-0 Nd4 15. Qf2 Nxb3+ 16. cxb3 d6 17. h4 h5 18. Be3 Ng4 19. Qe2 Nxe3 20. Qxe3 Qc7 21. f5 b5 22. Kb1 Bb7 23. Qg5 Kh7 24. Nge2 b4 25. Na4 Bxe4+ 26. Ka1 Bxf5 27. Qd2 Bg4 28. Rc1 Qb7 29. Qd3 Rac8 30. Rce1 Qc6 31. Nf4 Bf5 32. Qd1 Qd7 33. Rhf1 Rc2 34. g4 hxg4 35. h5 g5 36. h6 Bh8 37. Nxe6 Rfc8 38. Rxf5 Rc1+ 39. Qxc1 Rxc1+ 40. Rxc1 Qxe6 41. Rff1 g3 42. Rce1 g2 43. Rg1 Qxe1+ 44. Rxe1 Bd4 45. Kb1 g1Q 46. Rxg1 Bxg1 47. a3 a5 48. Kc2 g4 49. Kd2 f5 50. Ke2 f4 51. axb4 axb4 52. Kf1 Bd4 53. Ke2 f3+ 54. Kf1 g3 0-1

[Event "Bratislava Slovan op"]
[Site "Bratislava"]
[Date "2013.04.27"]
[Round "1"]
[White "Mikulasek, Viktor"]
[Black "Gabris, Ondrej"]
[Result "0-1"]
[WhiteElo "1854"]
[BlackElo "2200"]
[PlyCount "52"]
[EventDate "2013.04.27"]
[EventType "swiss"]
[EventRounds "9"]
[EventCountry "SVK"]
[SourceTitle "CBM 154 Extra"]
[Source "ChessBase"]
[SourceDate "2013.06.25"]
[SourceVersion "2"]
[SourceVersionDate "2013.06.25"]
[SourceQuality "1"]

1. e4 c5 2. Nf3 g6 3. d4 cxd4 4. Nxd4 Bg7 5. Bc4 Nc6 6. c3 Nf6 7. f3 Qb6 8. Nxc6 bxc6 9. e5 Nd5 10. Bxd5 cxd5 11. Qxd5 Bb7 12. Qd2 Ba6 13. Qe3 Qc7 14. f4 d6 15. e6 0-0 16. Nd2 fxe6 17. Qxe6+ Kh8 18. Ne4 Bc8 19. Qb3 Rb8 20. Qd1 Qc6 21. Qe2 e5 22. fxe5 Ba6 23. Qc2 Rbe8 24. Bg5 Qd5 25. Rd1 Qxe5 26. Kd2 Rf2+ 0-1

[Event "SVK-chT2A 1112"]
[Site "Slovakia"]
[Date "2011.12.03"]
[Round "5.8"]
[White "Mikulasek, Viktor"]
[Black "Kahancova, Jana"]
[Result "1-0"]
[WhiteElo "1871"]
[BlackElo "1670"]
[PlyCount "41"]
[EventDate "2011.10.08"]
[EventType "team-tourn"]
[EventRounds "11"]
[EventCountry "SVK"]
[SourceTitle "EXT 2013"]
[Source "ChessBase"]
[SourceDate "2012.11.22"]
[SourceVersion "1"]
[SourceVersionDate "2012.11.22"]
[SourceQuality "1"]
[WhiteTeam "Krasnany"]
[BlackTeam "Dunajska Streda SK II"]
[WhiteTeamCountry "SVK"]
[BlackTeamCountry "SVK"]

1. e4 e5 2. Nf3 Nc6 3. Bb5 a6 4. Ba4 Nf6 5. 0-0 Be7 6. Re1 b5 7. Bb3 d6 8. c3 0-0 9. h3 Be6 10. Bc2 Ne8 11. d4 exd4 12. cxd4 Bd7 13. Nbd2 f5 14. e5 dxe5 15. dxe5 Qc8 16. e6 Bxe6 17. Rxe6 Nd6 18. Re1 Qd7 19. Nf1 Rae8 20. a4 Qc8 21. Qd5+ 1-0